00391nam a2200133Ia 4500008004100000082001500041100001500056245003400071260001900105600001200124942000700136952009700143999001700240241002s9999 xx 000 0 und d a954.91 IKR aIkram, S.M 0aCultural Heritage of Pakistan aKarachi:c1955 aHistory cUC 00104070aUITUbUITUd1994-01-01l0o954.91 IKRpUC58r2024-10-02 09:31:07w2024-10-02yUC c18385d18385